基因的力量 (Record no. 43507)

000 -LEADER
fixed length control field 00490nam a22001937a 4500
003 - CONTROL NUMBER IDENTIFIER
control field MPLRDC
005 - DATE AND TIME OF LATEST TRANSACTION
control field 20220104143814.0
008 - FIXED-LENGTH DATA ELEMENTS--GENERAL INFORMATION
fixed length control field 210129b ||||| |||| 00| 0 eng d
020 ## - INTERNATIONAL STANDARD BOOK NUMBER
International Standard Book Number 7-214-02869-7
082 ## - DEWEY DECIMAL CLASSIFICATION NUMBER
Classification number 363.019 WRI
100 ## - MAIN ENTRY--PERSONAL NAME
Personal name WRIGHT
245 ## - TITLE STATEMENT
Title 基因的力量
Statement of responsibility, etc. 郭本禹译
250 ## - EDITION STATEMENT
Edition statement 一版一刷
260 ## - PUBLICATION, DISTRIBUTION, ETC.
Place of publication, distribution, etc.
Name of publisher, distributor, etc. 江苏人民
Date of publication, distribution, etc. 2001
300 ## - PHYSICAL DESCRIPTION
Other physical details
490 ## - SERIES STATEMENT
Series statement 汉译大众精品文库
650 ## - SUBJECT ADDED ENTRY--TOPICAL TERM
Topical term or geographic name entry element 遗传学--基因与遗传性
942 ## - ADDED ENTRY ELEMENTS (KOHA)
Koha item type Book
-- 363.019 WRI
Holdings
Withdrawn status Lost status Source of classification or shelving scheme Damaged status Not for loan Collection code Home library Current library Shelving location Date acquired Cost, normal purchase price Total Checkouts Full call number Barcode Date last seen Date last checked out Price effective from Koha item type Public note
            Malaysian Public Library, Research and Development Centre Malaysian Public Library, Research and Development Centre   10/12/2007 23.80   363.019 WRI 00043656 18/03/2021 10/12/2007 18/03/2021 Book mplrdc

© 2022. Malaysian Public Library, Research and Development Centre. All Right ReservedE-mailmplrdc@help.edu.my 

Powered by Koha